Quizzes
Events
Quiz Creation
Community
Videos
Private Events
Remove Ads
Sign In
Join for FREE
Feedback
Dark Mode
Quiz Categories
Sports
Geography
Music
Movies
Television
Just For Fun
Miscellaneous
History
Literature
Language
Science
Gaming
Entertainment
Religion
Holiday
For Kids
Quiz Lab
Recent
Popular Today
Quiz Kudos Today
Editor Picks
Curator Picks
Quizzes by...
Day
Popularity
Type
Ratings
Length
Year
Community
Subscriptions
Recent Discussions
Orange Saloon
Badges
Playlists
Quests
Create
Leaderboards
Showdown
Live 5
Trivia Bingo
Activity
Puzzle Library
Sporcle Events
Private Events
Virtual Trivia
Globe League
Become a Host
Pub Owners
SporcleCon
Opinionation
Our Games
Videos
Blog
Mobile Apps
Partnerships
Remove Ads and Go Orange
Feedback
Just For Fun
Clickable
Get the Picture
Humor
Quick Pick
Word Ladder
Missing Word
Mixed Word
Blitz
Minefield
This or That
Alphabet
Color
Typing
Sporcle
Puzzle
Word Play
Follow That Line
Logic
Just For Fun
Clickable
Get the Picture
Humor
Quick Pick
Word Ladder
Missing Word
Mixed Word
Blitz
Minefield
This or That
Alphabet
Color
Typing
Sporcle
Puzzle
Word Play
Follow That Line
Logic
Random Quiz
Search Sporcle
×
Quiz Lab
Quiz Lab
Just For Fun
smooth
Type in answers that appear in a list
Type in answers that appear in a list
Classic
Best Score? Go Orange.
Keystone Unsmooth Moments Stats
Can you name the Keystone Unsmooth Moments?
By
jiggaboo
10m
30 Questions
14 Plays
14 Plays
14 Plays
Comments
Comments
Give Quiz Kudos
Give Quiz Kudos
-
- Ratings
hide this ad
Replay
Link that replays current quiz
Next Quiz
Link to next quiz in quiz playlist
You Got
0%
They Got
Avg Score
15%
Avg Friend Score
Upgrade to see
Score Distribution
Jump to the score distribution portion of the page
Score
0/30
Timer
10:00
0
Plays Today
Smooth moment
Unsmooth
% Correct
She wants your body
To be less hairy
50%
Got her number
Forgot her name
35.7%
Remembered her birthday
Forgot her name
35.7%
Always Smooth
Even when you're not
28.6%
She really likes you
As a friend
28.6%
Caught the Red-
Eye
To the wrong city
21.4%
Fell asleep in her arms
She was still talking
21.4%
Finally made her laugh
Your fly was down
21.4%
It happened in Vegas
It didnt stay there
21.4%
Was the MVP
For the other team
21.4%
Busted a Move
Pulled your groin
14.3%
Got out of a ticket
By crying
14.3%
Saw your boss at the game
You called in sick
14.3%
Told her you care
About football
14.3%
Gave your buddy a birthday present1
Same one he gave you
14.3%
Smooth moment
Unsmooth
% Correct
Best Friend is in town
Called you for bail money
7.1%
Called Mandy
Dialed Mindy
7.1%
Gave a killer presentation
Of tonight's specials
7.1%
Got down on the dance floor
Couldn't get back up
7.1%
Got the high score
On the Cholesterol test
7.1%
Hooked up with a girl
At your family reunion
7.1%
Met a girl Online
He's thirty-seven
7.1%
Put your arm around here
Had bbq Sauce on your sleeve
7.1%
She asked how you feel
You said hungry
7.1%
Stayed the Night
On the couch
7.1%
Watched her dog
It ran away
7.1%
Washed your hands
Soaked your pants
7.1%
Finished a marathon
Of reality show television
7.1%
Found your lost Diary
In the break room at work
7.1%
Found 2 new roommates
They go my Mom and Dad
0%
Quiz Playlist
Details
Report
Send in Message
Add To Playlist
Classic:
Type in answers that appear in a list
Last Updated: Feb 16, 2017
Quiz Scoreboard
CHALLENGE
Sign Up to Join the Scoreboard
Show All
Scores
Hide
Comments
May contain spoilers
Recently Published
Billboard Blitz: Fleetwood Mac
by CooCooCachoo
Music
15s
Presidents Visiting Landmarks
by Hejman
History
7m
An Introduction to Baseball
by treessimontrees
Sports
5m
More to Explore
Quiz From the Vault
Featured Blog Post
Where Did the Easter Bunny Come From?
hide this ad
You Might Also Like...
Tags
moment
smooth
Today's Top Quizzes in Just For Fun
Browse Just For Fun
hide this ad
Today's Top Quizzes in smooth
Browse smooth
Top Contributed Quizzes in Just For Fun
1
Killer Double Trees 224 - Colour Match-Up
2
Crossword Whiteout! 49
3
Spring Typing Challenge
4
Zeroing In: Just For Fun
5
Harry Potter Logic - 'In Chains' II
6
Kyle's 122nd Triple Trees
7
Word Ladder: Ahoy Matey
8
Survivor Winners Logic Puzzle
9
Word Ladder: Wilderness Weapon
10
Edinburgh Fringe jokes 2015
Explore More
Trending Topics
Anime
Kpop
Marvel
Harry Potter
NBA
Crossword
Disney
The Office
Soccer
Puzzle
NFL
Pokémon
Country
Song
WWE
hide this ad
More By:
jiggaboo
Quiz
Plays
Rating
Category
Featured
Created
Keystone Unsmooth Moments
14
3.00
Just For Fun
May 16, 2010
Go to Creator's Profile
Score Distribution
Quiz Creator Spotlight
jiggaboo
Follow
Send a Message
Quizzes Created
-
Created Quiz Play Count
-
More By This Creator
Popular Quizzes Today
1
Find the US States - No Outlines Minefield
2
Find the Countries of Europe - No Outlines Minefield
3
The Countries of the World
4
Find the US States
5
US States
6
Popular People in 1961
7
Risky Map Clicking: Biggest States A-Z
8
Movies - When Are They Set?
More Just For Fun Quizzes
Missing Word: Clint Eastwood Triple Threat
Published
Trending Quizzes
Risky Map Clicking: Least Populous States A-Z
1-10 Letter G Words
1-10 Letter F Words
Risky Map Clicking: Next State Alphabetically
Risky Map Clicking: Biggest States A-Z
Recently Updated
Leaping Animals
pecheneg
Reality TV Shows (A-Z)
bhenderson79
Rickey Henderson's Hall of Fame Teammates
pecheneg
Champions League XIs: Arsenal
pecheneg
Quick Pick: Celebrities in WWE's Hall of Fame
aduchscher
A-Z Keypad Blitz II
pecheneg
Multiple Oscar Actors
pecheneg
Mystery Phrase Blitz: Oscar 'Best Actors'
pecheneg
F. Scott Fitzgerald Novels
LTH
Pick 3 Villains
ddd62291
Trending Topics
Disney
Marvel
Anime
Harry Potter
NBA
Crossword
Kpop
Country
Song
The Office
Soccer
NFL
WWE
Pokémon
Puzzle
Your Account Isn't Verified!
In order to create a playlist on Sporcle, you need to verify the email address you used during registration. Go to your
Sporcle Settings
to finish the process.
Report this User
Report this user for behavior that violates our
Community Guidelines
.
Details:
Send Report
Go to the Sporcle.com Mobile Site →
Comments